The Air Quiz - Statistics

General Stats
  • This quiz has been taken 939 times
  • The average score is 14 of 20
Answer Stats
Clue Answer % Correct
Heathrow, or JFK, eg. Airport
96%
The Fresh Prince of ___ ___ Bel Air
95%
Vehicle safety device Airbag
91%
Pretend rock 'n' roll strumming Air guitar
85%
Cost of a plane ticket Airfare
82%
Table game with pucks Air hockey
82%
US Presidental plane Air Force One
80%
Method of shipping letters Air mail
79%
Check your car tyres' ___ ________ Air pressure
78%
Febreze is a common brand of this Air freshener
76%
Radio signals Airwaves
75%
Phil Collins' In the ___ ______ Air Tonight
67%
Indisputable (eg. an alibi) Airtight
65%
Company that produces the A380 Airbus
55%
Female flight attendant Air hostess
55%
Wicker basket and gas bag craft Hot air balloon
53%
Irish budget airline Ryanair
53%
Zeppelin Airship
49%
1997 Nicolas Cage film Con Air
47%
1994 Adam Sandler film Airheads
10%
No matching quizzes found
Score Distribution
Percent of People with Each Score
Percentile by Number Answered
Your Score History
You have not taken this quiz